| 000 | 00620nac a22002051u 4500 | ||
|---|---|---|---|
| 020 | _a0861014219 : | ||
| 082 |
_a641.34 _bBAS |
||
| 090 |
_c9426 _d9426 |
||
| 100 | _aBastyra, Judy | ||
| 245 |
_aA gourmet’s book of fruit / _cJudy Bastyra & Julia Canning. |
||
| 260 |
_aLondon : _bSalamander, 1989. _cc1989. |
||
| 300 |
_a120p. _bill. (some col.), _c32 cm. |
||
| 500 | _aIncludes index. | ||
| 500 | _aDistributer: Al-Ahram | ||
| 511 | _aCatalogued by: Sara | ||
| 650 | _aFruit, Frozen. | ||
| 650 | _aFood Fruit | ||
| 700 | _aCanning, Julia | ||
| 942 |
_cBB _k641.34 BAS |
||
| 999 |
_c9426 _d9426 |
||